Estabilidade da caranha em diferentes períodos de armazenamento (Registro n. 327753)
[ somente texto ]
| 000 -LÍDER | |
|---|---|
| fixed length control field | 03598nab a2200337 i 4500 |
| 003 - CÓDIGO MARC DA AGÊNCIA CATALOGADORA | |
| Campo de controle | BR-BrBNA |
| 005 - DATA E HORA DA ÚLTIMA ATUALIZAÇÃO | |
| Campo de controle | 20240923091147.0 |
| 008 - CAMPO DE TAMANHO FIXO | |
| fixed length control field | 240923b2018 bl.|r|pooa||| 00| 0 por | |
| 040 ## - FONTE DA CATALOGAÇÃO | |
| Agência catalogadora | BR-BrBNA |
| Idioma da catalogação | por |
| 072 ## - CATEGORIA AGRIS | |
| Código AGRIS | J14 |
| Código do objeto | 8140 |
| 072 ## - CATEGORIA AGRIS | |
| Código AGRIS | Q04 |
| 100 ## - ENTRADA PRINCIPAL - NOME PESSOAL | |
| Nome pessoal | Santos, T.T. |
| 100 ## - ENTRADA PRINCIPAL - NOME PESSOAL | |
| Nome pessoal | Pires, C.R.F. |
| 100 ## - ENTRADA PRINCIPAL - NOME PESSOAL | |
| Nome pessoal | Martins, G.A.S. |
| 100 ## - ENTRADA PRINCIPAL - NOME PESSOAL | |
| Nome pessoal | Coelho, A.F.S. |
| 245 ## - TÍTULO PRINCIPAL | |
| Título principal | Estabilidade da caranha em diferentes períodos de armazenamento |
| 500 ## - NOTA GERAL | |
| Nota geral | <br/>Publicação online; 24 ref.; 3 tables; 2 illus.; Summaries (En, Pt) |
| 942 ## - ADDED ENTRY ELEMENTS (KOHA) | |
| Koha item type | Analítica |
| 520 ## - NOTA DE RESUMO | |
| Nota de conteúdo | <br/><br/>RESUMO - O objetivo deste estudo foi verificar a influência do tempo de armazenamento na qualidade microbiológica, físico-química e sensorial do pescado caranha (Piaractusmesopotamicus). Os pescados foram estocados em gelo durante zero, sete, 14, 21 e 28 dias e submetidos às contagens de microorganismos mesófilos, psicrotróficos, coliformes a 35ºC e 45ºC, Salmonella sp. e estafilococos coagulase positiva. Foram realizadas análises de temperatura, pH, acidez, bases voláteis, proteínas, lipídeos, cinzas, umidade, prova de cocção, bem como análise sensorial. As contagens de mesófilos, psicrotróficos, coliformes a 35ºC e 45ºC aumentaram com o tempo de armazenamento. A presença de Salmonella sp. não foi constatada, enquanto a contagem de estafilococos coagulase positiva foi de <10 (est) UFC/g em todos os períodos de estocagem. Observou-se, ainda, que o tempo de armazenamento apresentou influência em todas as variáveis físico-químicas, exceto para temperatura. Na análise sensorial, foi constatado um aumento linear do índice de qualidade (IQ) ao longo do armazenamento, e a rejeição ocorreu aos 14 dias.<br/><br/><br/>Palavras-chave: Piaractusmesopotamicus, pescado, vida de prateleira, micro-organismos indicadores |
| 520 ## - NOTA DE RESUMO | |
| Nota de conteúdo | <br/><br/>ABSTRACT - The objective of this study was to verify the influence of storage time on the microbiological, physicalchemical, and sensorial quality of the fish (Piaractusmesopotamicus). The fish were stored on ice for 0, 7, 14, 21, and 28 days and submitted to counts of mesophilic, psychrotrophic, coliform microorganisms at 35ºC and 45ºC, Salmonella sp. and coagulase positive staphylococci. Analyzes of temperature, pH, acidity, volatile bases, proteins, lipids, ashes, humidity, cooking test, as well as sensorial analysis were performed. Counts of mesophiles, psychrotrophic, coliforms at 35°C and 45°C increased with storage time. The presence of Salmonella sp. was not observed, whereas the coagulase positive Staphylococcus count was <10 (est) CFU/g in all storage periods. It was also observed that the storage time had influence on all physical-chemical variables, except for temperature. In the sensorial analysis, a linear increase of the quality index (IQ) was verified throughout the storage and the rejection occurred at 14 days.<br/><br/><br/>Keywords:Piaractusmesopotamicus, fish,shelflife, indicatormicroorganisms |
| 650 ## - ASSUNTO - THESAGRO | |
| Cabeçalho tópico ou nome geográfico | PIRAPITINGA |
| 650 ## - ASSUNTO - THESAGRO | |
| Cabeçalho tópico ou nome geográfico | PEIXE DE ÁGUA DOCE |
| 650 ## - ASSUNTO - THESAGRO | |
| Cabeçalho tópico ou nome geográfico | ARMAZENAMENTO |
| 650 ## - ASSUNTO - THESAGRO | |
| Cabeçalho tópico ou nome geográfico | ANÁLISE MICROBIOLÓGICA |
| 650 ## - ASSUNTO - THESAGRO | |
| Cabeçalho tópico ou nome geográfico | PROPRIEDADE FÍSICO-QUÍMICA |
| 650 ## - ASSUNTO - THESAGRO | |
| Cabeçalho tópico ou nome geográfico | VIDA-DE-PRATELEIRA |
| 650 ## - ASSUNTO - THESAGRO | |
| Cabeçalho tópico ou nome geográfico | PRESERVAÇÃO DE ALIMENTO |
| 773 0# - ENTRADA ANALÍTICA | |
| Host Biblionumber | 1643 |
| Registro do item | 317735 |
| Imprenta | Belo Horizonte-MG Universidade Federal de Minas Gerais - Escola de Veterinaria 1983 |
| Outro identificador | 2024-4450 |
| Título | Arquivo Brasileiro de Medicina Veterinária e Zootecnia (Brazil) |
| ISSN | 0102-0935 |
| Colação | v. 70(4) p. 1316-1324; (2018) |
| Número de controle de registro | BR2024002507 |
| 856 ## - ACESSO E ENDEREÇO ELETRÔNICO | |
| Identificador uniforme de recurso - URI | https://www.scielo.br/j/abmvz/a/JbPv7jxPNd5jSKHykcMHXqf/?format=pdf&lang=pt |
Nenhum exemplar disponível.

BINAGRI